00856nam a22001817a 4500003000900000008004100009040007100050082001800121100002800139245007100167260002700238300002500265440002700290505025800317650002900575650001100604710005900615AR-CdUCM190416b ||||| |||| 00| 0 spa d aMUNICIPALIDAD PROVINCIAL DEL CUSCOcBIBLIOTECA MUNICIPAL DEL CUSCO a331.89 /bB94 aBurneo Labrín, José aEl Pliego de Reclamos :bConcertación Social y Neo-liberalismo / aLima :bDesco ;c1982. a56 páginas ;c20cm aBiblioteca PopularnB4 aContenido: ¿Por qué los pliegos de reclamos? -- Características de los pactos o convenciones colectivas -- La constitución y los pliegos de reclamos -- ¿Que se pide en un pliego de reclamo? -- Etapas de la negociación del pliego de reclamos... aNegociación colectiva  aPerú aDESCO, Centro de Estudios y Promoción del Desarrollo